| 000 | 00642cam a22001934a 4500 | ||
|---|---|---|---|
| 999 |
_c6832 _d6832 |
||
| 001 | 6815 | ||
| 003 | BD-DhUAP | ||
| 005 | 20210109103142.0 | ||
| 008 | 210109s1999 bg a 001 0 eng | ||
| 040 |
_aDLC _cDLC _dBD-DhUAP _bEng |
||
| 082 | 0 | 0 |
_223 _a378.04 PRO |
| 245 | _aProfile of university of Asia pacific (UAP)... | ||
| 260 |
_aDhaka : _bProject promotion & management associates, _cc1999. |
||
| 300 |
_a50 pages : _billustrations ; _c28 cm. |
||
| 538 | _aSystem requirements for accompanying computer disc: Windows 95 or higher. | ||
| 650 | _aHigher education. | ||
| 710 | _aProject promotion & management associates. | ||
| 942 |
_2ddc _cBK |
||